Ένας στους Δύο Έλληνες Τάσσεται Υπέρ της Λειτουργίας Ιδιωτικών Πανεπιστημίων / Τα Επιχειρηματικά Σχήματα της Θ.Ε.Α. (Record no. 9214)
[ view plain ]
| 000 -LEADER | |
|---|---|
| fixed length control field | 01746cam a22001814a 4500 |
| 005 - ΗΜΕΡΟΜΗΝΙΑ ΚΑΙ ΩΡΑ ΤΕΛΕΥΤΑΙΑΣ ΕΝΗΜΕΡΩΣΗΣ | |
| Πεδίο ελέγχου | 20250605164356.0 |
| 008 - FIXED-LENGTH DATA ELEMENTS--GENERAL INFORMATION | |
| Πεδίο ελέγχου σταθερού μήκους | 250528s ||||||||||||||||||||||||d |
| 035 ## - SYSTEM CONTROL NUMBER | |
| System control number | 24325 |
| 040 ## - ΠΗΓΗ ΚΑΤΑΛΟΓΟΓΡΑΦΗΣΗΣ | |
| Φορέας πρωτότυπης καταλογογράφησης | MC Athens Campus Library |
| Γλώσσα καταλογογράφησης | Ελληνικά, Μοντέρνα (1453-) |
| Modifying agency | MC Athens Campus Library |
| Κανόνες περιγραφικής καταλογογράφησης | AACR2 |
| 245 1# - ΤΙΤΛΟΣ ΚΑΙ ΔΗΛΩΣΗ ΥΠΕΥΘΥΝΟΤΗΤΑΣ | |
| Τίτλος | Ένας στους Δύο Έλληνες Τάσσεται Υπέρ της Λειτουργίας Ιδιωτικών Πανεπιστημίων / Τα Επιχειρηματικά Σχήματα της Θ.Ε.Α. |
| 260 ## - PUBLICATION, DISTRIBUTION, ETC. | |
| Name of publisher, distributor, etc. | Εμπορικό Και Βιομηχανικό Επιμελητήριο Αθηνών, |
| Date of publication, distribution, etc. | 2016 |
| 300 ## - PHYSICAL DESCRIPTION | |
| Extent | 64 |
| 520 ## - SUMMARY, ETC. | |
| Summary, etc. | Στρατηγική Συνεργασία του Πανεπιστημίου το Χάρβαρντ με το Ι.Δ.Ε.Μ.Ε.Δ., Υπογραφή Μνημονίου Συνεργασίας μεταξύ του Ε.Β.Ε.Α. και της Ομοσπονδίας Ισραηλινών Επιμελητηρίων, Η Συμβολή των Γλωσσών στην Ανάπτυξη και στην Απασχόληση, Κψδικός 'Χρυσό Δισκοπότηρο' για την Ελληνική Κυβέρνηση, Η Ρύθμιση για τα 'Κόκκινα Δάνεια', Ο.Α.Ε.Ε.: Ο Αδύναμος Κρίκος του Ασφαλιστικού, Θνησιγενές το Νέο Υπερταμείο Ασφάλισης, Αρχίζει μια Νέα Εποχή για την Ελληνική Φαρμακοβιομηχανία, Αυξημένα τα Ποσοστά Συγχρηματοδότησης για Ελλάδα και Κύπρο, Ζήτημα Επάρκειας Ηλεκτρικής Ενέργειας μετά το 2020. |
| 700 1# - ΠΡΟΣΘΕΤΗ ΑΝΑΓΡΑΦΗ--ΦΥΣΙΚΟ ΠΡΟΣΩΠΟ | |
| Personal name | Μίχαλος Κωνσταντίνος |
| 9 (RLIN) | 4319 |
| 942 ## - ADDED ENTRY ELEMENTS (KOHA) | |
| Koha item type | Περιοδικά Δημοσιεύματα |
| Τύπος τεκμηρίου | Βιβλιοθήκη | Τρέχουσα τοποθεσία | Barcode | Ημερομηνία απόκτησης | Ταξιθετικό σύμβολο | Αριθμός αντιτύπου | Αρίθμηση σειρών / χρονολογία | Κατάσταση απόσυρσης | Κατάσταση χαμένου | Κατάσταση κατεστραμμένου | Μη δανεισμός | Σύνολο δανεισμών | Ημερομηνία τελευταίας εμφάνισης | Η τιμή ισχύει από |
|---|---|---|---|---|---|---|---|---|---|---|---|---|---|---|
| Περιοδικά Δημοσιεύματα | MC Athens Campus Library | MC Athens Campus Library | 9780000092137 | 05/06/2025 | ΑΝΑΠΤΥΞΗ | 1 | 9 | 05/06/2025 | 05/06/2025 |